Encyclopedia of environmental ethics and philosophy. Volume 1 : Abbey to Israel (Record no. 407404)

MARC details
000 -LEADER
fixed length control field 00330nam a2200097Ia 4500
082 ## - DEWEY DECIMAL CLASSIFICATION NUMBER
Classification number R 179.1 ENCY
008 - FIXED-LENGTH DATA ELEMENTS--GENERAL INFORMATION
fixed length control field 210817s9999 xx 000 0 und d
100 ## - MAIN ENTRY--PERSONAL NAME
Personal name Callicott, J Baird Farmington Hills, 2009
9 (RLIN) 96697
245 #0 - TITLE STATEMENT
Title Encyclopedia of environmental ethics and philosophy. Volume 1 : Abbey to Israel
942 ## - ADDED ENTRY ELEMENTS
item type Books

No items available.